Οι Έλληνες στρατιωτικοί : (αξιωματικοί και υπαξιωματικοί στην μεταπολεμική Ελλάδα)

Αποθηκεύτηκε σε:
Λεπτομέρειες βιβλιογραφικής εγγραφής
Κύριος συγγραφέας: Κακαράς, Αντώνης, 1945-
Άλλοι συγγραφείς: Φίλιας, Βασίλης Ι., 1927-2018 (Συγγραφέας εισαγωγής κ.λπ.)
Μορφή: Βιβλίο
Γλώσσα:Greek
Δημοσίευση: Αθήνα : Παπαζήσης, 2006.
Σειρά:Ντοκουμέντα και μαρτυρίες
Θέματα:
Ετικέτες: Προσθήκη ετικέτας
Δεν υπάρχουν, Καταχωρήστε ετικέτα πρώτοι!

MARC

LEADER 00000cam a2200000 i 4500
001 1/5129
008 100302s2006 gr | ||| |||| ||gre||
020 |a 9600219702   |q (σετ) 
020 |a 9600219710   |q (τ.1) 
020 |a 9600219729   |q (τ.2)  
020 |a 9600219737   |q (τ.3)  
035 |l 10107054 
040 |a GR-MY-UA  |b gre  |e aacr 
041 0 |a gre 
082 7 |a 355.009495   |2 (22) 
100 1 |a Κακαράς, Αντώνης,   |d 1945- 
245 1 3 |a Οι Έλληνες στρατιωτικοί :   |b (αξιωματικοί και υπαξιωματικοί στην μεταπολεμική Ελλάδα) /   |c Αντώνης Κακαράς ; πρόλογος: Βασίλης Φίλιας.  
260 |a Αθήνα :   |b Παπαζήσης,   |c 2006.  
300 |a 3τ. :   |b εικ. ;   |c 22 εκ. 
490 1 |a (Ντοκουμέντα και μαρτυρίες)  
504 |a Περιέχει βιβλιογραφικές παραπομπές και ευρετήριο.  
505 0 |a Τ.1. Επιλογές, εκπαίδευση, κυρίαρχη ιδεολογία, εξαρτήσεις -- τ.2. 21η Απριλίου 1967, πραξικοπηματίες και υποστηρικτές του καθεστώτος, φάκελος Κύπρου -- τ.3. Η αντίσταση στη δικτατορία, μεταπολίτευση  
650 0 0 |a Armies  |z Greece  |x History  |y 20th century. 
651 0 |a Greece  |x Armed Forces  |x Officers. 
651 0 |a Greece  |x History, Military  |y 20th century. 
651 0 |a Greece  |x Armed Forces  |x Political activity  |x History  |y 20th century. 
700 1 |a Φίλιας, Βασίλης Ι.,   |d 1927-2018,  |e aui 
740 0 |a Επιλογές, εκπαίδευση, κυρίαρχη ιδεολογία, εξαρτήσεις  
740 0 |a 21η Απριλίου 1967, πραξικοπηματίες και υποστηρικτές του καθεστώτος, φάκελος Κύπρου  
740 2 |a Η αντίσταση στη δικτατορία, μεταπολίτευση  
830 0 |a Ντοκουμέντα και μαρτυρίες 
852 |a INST  |b LESVOS  |e 20100302  |h 355.009495 KAK  |p 005100046751  |q 005100046751  |t BK  |y 0  |z τ.2 
852 |a INST  |b LESVOS  |e 20100302  |h 355.009495 KAK  |p 005100046755  |q 005100046755  |t BK  |y 0  |z τ.1 
852 |a INST  |b LESVOS  |e 20100302  |h 355.009495 KAK  |p 005100046756  |q 005100046756  |t BK  |y 0  |z τ.3 
852 |a INST  |b LESVOS  |e 20100302  |h 355.009495 KAK  |p 005100046751  |q 005100046751  |t BK  |v τ.2:  |y 0  |z τ.2 
852 |a INST  |b LESVOS  |e 20100302  |h 355.009495 KAK  |p 005100046755  |q 005100046755  |t BK  |v τ.1:  |y 0  |z τ.1 
852 |a INST  |b LESVOS  |e 20100302  |h 355.009495 KAK  |p 005100046756  |q 005100046756  |t BK  |v τ.3:  |y 0  |z τ.3 
853 |a INST  |b LESVOS  |h 355.009495 KAK 
901 |a BIBL1-2010-1 
909 |a Λ  |b 162906 
909 |a Λ  |b 162910 
909 |a Λ  |b 162911 
970 |a ΚΑΡΑ  |b ΓΙΑΣΕΜΗ  |z 2010/03/02